Aurora songs by first lines - Statistics

General Stats
  • This quiz has been taken 193 times
  • The average score is 9 of 20
Answer Stats
Lyrics Song title % Correct
I was listening to the ocean Runaway
92%
I run from the liars, the fuel on the fire I know I created myself Cure For Me
59%
What will you do when she drinks the sea? Artemis
57%
All of my life I've been hunting, I've been a girl, I've been a boy Apple Tree
55%
White, silicon eyes, watching storms, sitting quiet, reading books in the heat of city lights Daydreamer
52%
Go row the boat to safer grounds Running With The Wolves
51%
I was given a heart before I was given a mind Blood In The Wine
48%
I don't know why but I feel down All Is Soft Inside
45%
She bargains with the world, so everything she wants will come to her Heathens
43%
You are the victim, the victim of my love Animal
41%
I've been born for sometime, and I got death on my mind Hunger
39%
Are you awake or are you sleeping? * A Different Kind Of Human
38%
It's a feeling growing old with time Infections Of A Different Kind
37%
Father, don't blame us for trying to live The Devil is Human
37%
Broken mornings, broken nights and broken days in between Conqueror
36%
There was a boy, a very strange enchanted boy Nature Boy
36%
The world is covered by our trace Through The Eyes Of A Child
35%
Never knew this curious head of mine Soulless Creatures
30%
Calling out for the lonely I am going home In Boxes
28%
Myself inside a mirror on the wall Silhouettes
10%
No matching quizzes found
Score Distribution
Percent of People with Each Score
Percentile by Number Answered
Your Score History
You have not taken this quiz